20 practice sets SSC combined graduate levell (Record no. 188100)

000 -LEADER
fixed length control field 00333nam a2200109Ia 4500
008 - FIXED-LENGTH DATA ELEMENTS--GENERAL INFORMATION
fixed length control field 220217s9999||||xx |||||||||||||| ||und||
100 ## - MAIN ENTRY--PERSONAL NAME
Personal name Arihant Publications
9 (RLIN) 10069
245 #0 - TITLE STATEMENT
Title 20 practice sets SSC combined graduate levell
260 ## - PUBLICATION, DISTRIBUTION, ETC.
Place of publication, distribution, etc. Arihant Publications
Name of publisher, distributor, etc. New Delhi
Date of publication, distribution, etc. 2017
300 ## - PHYSICAL DESCRIPTION
Extent 400p.
Other physical details 410
650 ## - SUBJECT ADDED ENTRY--TOPICAL TERM
Topical term or geographic name entry element GENERAL BOOKS
Holdings
Withdrawn status Lost status Damaged status Not for loan Collection code Home library Current library Date acquired Total Checkouts Barcode Date last seen Date last checked out Price effective from Koha item type
        Humanity Science Central Library Central Library 02/18/2022 1 23289 04/06/2023 03/09/2023 02/18/2022 Books

Powered by Koha